=LDR 00000nam 2200000 4500 =001 INLIS000000000017800 =005 20200819075344 =035 ##$$a 0010-061300000017800 =008 200819################g##########0#ind## =041 ##$$a Ind =082 ##$$a 2x9.22 =090 ##$$a 2x9.22, Mub u =100 ##$$a Mubarak, Muhammad Abbas Al =245 1#$$a Umar Ibnu Khathab ; tegas dan keras membela al-haq /$c Muhammad Abbas Al-Mubarak ; penerjemah, Ahmad Syaikhu =260 ##$$a Solo :$b Pustaka At Tibyan,$c 2003 =300 ##$$a 100 hlm. ; $c 12x18 cm. =650 #4$$a Umar Ibnu Khathab =850 ##$$a NBPNMAT =084 ##$$a 2x9.22 MUB u =504 ##$$a Bibliografi : hlm. 99 - 100 =990 ##$$a 20605879 =990 ##$$a 20605877 =990 ##$$a 20605876